Statistics for Country to Region (Hard)

Click here to take the quiz!

General Stats

  • This quiz has been taken 45 times
  • The average score is 10 of 18

Answer Stats

RegionCountry% Correct
AssamIndia
95%
NunavutCanada
95%
ExtremaduraSpain
86%
HunanChina
84%
BlekingeSweden
81%
TocantinsBrazil
70%
Haut-KatangaD.R. Congo
60%
KaragandaKazakhstan
56%
FlevolandNetherlands
56%
NakuruKenya
53%
TicinoSwitzerland
51%
KarakalpakstanUzbekistan
47%
CalabarzonPhilippines
44%
RyanggangNorth Korea
40%
ZakarpattiaUkraine
37%
ÖmnögoviMongolia
30%
BeniBolivia
23%
AnalamangaMadagascar
12%

Score Distribution

Percentile by Number Answered

Percent of People with Each Score

Your Score History

You have not taken this quiz